000 00625nam a2200217Ia 4500
005 20241216010913.0
008 190212s9999||||xx |||||||||||||| ||und||
020 _a84-368-0127-X
082 _a330.65
_bB88
100 _aBUENO CAMPOS, EDUARDO Y OTRO
245 0 _aECONOMIA DE LA EMPRESA
_bANßLISIS DE LAS DECISIONES EMPRESARIALES
250 _a0
260 _aMÚXICO
_bPIRßMIDE, S.A.
_c1981
300 _a718 pag
_c23 cm
341 _h0
490 _v0
_a0
505 _aDIRECCION GESTION-FINANCIACION/PRODUCCION-COMERCIALIZACION
541 _aC
_d13-Mar-96
_oSoles
650 _aCIENCIAS SOCIALES
942 _cLIBRO
999 _c27266
_d27266